[Event "Guernsey Holiday"]
[Site "GCI"]
[Date "2005.10.17"]
[Round "2"]
[White "Holcombe, Charles"]
[Black "Muller, Anton"]
[Result "0-1"]
[WhiteElo "1368"]
[BlackElo "1560"]
[PlyCount "114"]
[EventDate "2005.10.16"]

1. Nf3 Nf6 2. d4 g6 3. c4 Bg7 4. Nc3 d5 5. h3 c5 6. Bf4 O-O 7. e3 Nc6 8. Be2
Qa5 9. O-O cxd4 10. Nb5 dxc4 11. Nfxd4 Nxd4 12. Nxd4 e5 13. Nb3 cxb3 14. axb3
Qd5 15. Bh2 Qxd1 16. Rfxd1 Be6 17. Bc4 Bxc4 18. bxc4 e4 19. g4 g5 20. Ra5 h6
21. Be5 Rfe8 22. Bd4 Red8 23. Kf1 a6 24. Ke2 Rac8 25. b3 Ne8 26. c5 Nc7 27. Ra4
Ne6 28. b4 Nxd4+ 29. exd4 Rxd4 30. Rxd4 Bxd4 31. Ra2 Bc3 32. Ra4 Kg7 33. Ke3
Re8 34. c6 bxc6 35. Rxa6 Re6 36. Rb6 Kf6 37. Rb7 Ke5 38. Rxf7 Bxb4 39. Rf5+ Kd6
40. Kd4 Ba3 41. Kc3 e3 42. fxe3 Rxe3+ 43. Kd4 Rxh3 44. Rf6+ Kc7 45. Rg6 Kb6 46.
Ke4 Kb5 47. Rg8 Kc4 48. Ra8 c5 49. Rb8 Kc3 50. Rb6 c4 51. Rb5 Kc2 52. Kd4 c3
53. Rb6 Bb2 54. Rf6 Kb3 55. Rb6+ Ka2 56. Rc6 c2+ 57. Kd5 c1=Q 0-1

[Event "Guernsey Holiday"]
[Site "GCI"]
[Date "2005.10.17"]
[Round "2"]
[White "Collier, Michael J"]
[Black "Boogaard, Leen"]
[Result "1-0"]
[WhiteElo "1520"]
[BlackElo "1570"]
[PlyCount "51"]
[EventDate "2005.10.16"]

1. d4 d5 2. c4 e6 3. Nc3 Bb4 4. Bd2 Bxc3 5. Bxc3 Ne7 6. e3 b6 7. Nf3 c6 8. Be2
Nd7 9. O-O Nf6 10. Rc1 dxc4 11. Bxc4 b5 12. Be2 Nfd5 13. Qd2 Qd6 14. b3 Nxc3
15. Qxc3 f6 16. Nd2 Bd7 17. Ne4 Qb8 18. Qc5 Nc8 19. Qh5+ Ke7 20. Nc5 Be8 21.
Qg4 Bf7 22. Qxg7 Nd6 23. Bf3 Qb6 24. Ne4 Rag8 25. Qxf6+ Kd7 26. Nxd6 1-0

[Event "Guernsey Holiday"]
[Site "GCI"]
[Date "2005.10.17"]
[Round "2"]
[White "Cross, Ian K"]
[Black "Rietveld, Andre"]
[Result "1-0"]
[WhiteElo "1544"]
[BlackElo "1538"]
[PlyCount "111"]
[EventDate "2005.10.16"]

1. d4 d5 2. Nf3 h6 3. c4 c6 4. cxd5 cxd5 5. Nc3 Nc6 6. e3 a6 7. a3 Nf6 8. h3 e6
9. Bd3 Be7 10. O-O Qc7 11. Re1 b5 12. b4 Bb7 13. Bb2 Rd8 14. Rc1 O-O 15. Qc2
Qb8 16. Qe2 Bd6 17. e4 Bf4 18. Rc2 dxe4 19. Nxe4 Nd5 20. Nc5 Bc8 21. Nxa6 Bxa6
22. Rxc6 Rd6 23. Rxd6 Bxd6 24. Qe4 Nf6 25. Qc6 Bb7 26. Qxb5 Bxf3 27. Qxb8 Rxb8
28. gxf3 Nd5 29. Rc1 Nf4 30. Bf1 f6 31. Rc6 Be7 32. Bc1 g5 33. h4 Kf7 34. Bc4
Nd5 35. Bxd5 exd5 36. hxg5 hxg5 37. Kg2 Kg6 38. f4 g4 39. f3 gxf3+ 40. Kxf3 Kf5
41. Rc7 Bd6 42. Rc6 Be7 43. Rc2 Bxb4 44. axb4 Rxb4 45. Be3 Rc4 46. Rxc4 dxc4
47. Bd2 Ke6 48. Bc3 f5 49. Bd2 Kd5 50. Ke3 Ke6 51. Bb4 Kd5 52. Bf8 Ke6 53. Kd2
Kd5 54. Kc3 Ke4 55. Bh6 Kd5 56. Bg5 1-0

[Event "Guernsey Holiday"]
[Site "GCI"]
[Date "2005.10.17"]
[Round "2"]
[White "Rowe, Oliver"]
[Black "Woodward, Pauline"]
[Result "1-0"]
[WhiteElo "1530"]
[BlackElo "1296"]
[PlyCount "75"]
[EventDate "2005.10.16"]

1. e4 d6 2. d4 Nf6 3. Nc3 g6 4. Bg5 Bg7 5. f4 O-O 6. e5 dxe5 7. fxe5 Nfd7 8.
Bc4 c5 9. dxc5 Nxc5 10. Qxd8 Rxd8 11. Bxe7 Re8 12. Nd5 Bxe5 13. O-O-O Ne4 14.
Re1 Bf4+ 15. Kb1 Nd2+ 16. Ka1 Bg5 17. Bb5 Nc6 18. Nc7 Nb4 19. Ba4 Bd7 20. Nxe8
Bxa4 21. Bxb4 Bxe8 22. Re2 Rd8 23. Nh3 Bh6 24. Bxd2 Bxd2 25. Rd1 Bc6 26. Rexd2
Re8 27. Rd8 Kg7 28. Rxe8 Bxe8 29. b4 Bc6 30. Rd2 h5 31. c4 a6 32. Nf4 Kh6 33.
Rd6 Be4 34. a4 Bc2 35. b5 Bb3 36. bxa6 bxa6 37. c5 a5 38. c6 1-0

[Event "Guernsey Holiday"]
[Site "GCI"]
[Date "2005.10.17"]
[Round "2"]
[White "Forbes, Garry"]
[Black "Collins, Alan"]
[Result "1/2-1/2"]
[WhiteElo "1660"]
[BlackElo "1528"]
[PlyCount "55"]
[EventDate "2005.10.16"]

1. d4 f5 2. g3 e6 3. Bg2 Nf6 4. c4 Be7 5. Nc3 d5 6. cxd5 exd5 7. Qb3 c6 8. Nf3
Qb6 9. Qc2 O-O 10. Bg5 h6 11. Bf4 Ne4 12. O-O Nd7 13. Rad1 Ndf6 14. Ne5 Kh7 15.
f3 Nxc3 16. bxc3 Nh5 17. Bc1 Bd6 18. Ng4 Nf6 19. Nf2 Kh8 20. e4 fxe4 21. fxe4
dxe4 22. Nxe4 Qd8 23. Nxd6 Qxd6 24. Bf4 Qe7 25. Rde1 Qf7 26. Be5 Be6 27. Qe2
Bc4 28. Qd2 1/2-1/2

[Event "Guernsey Holiday"]
[Site "GCI"]
[Date "2005.10.17"]
[Round "2"]
[White "Herschmann, Heinz"]
[Black "Smith, Paul"]
[Result "0-1"]
[WhiteElo "1328"]
[BlackElo "1616"]
[PlyCount "128"]
[EventDate "2005.10.16"]

1. e4 d5 2. exd5 Qxd5 3. Nc3 Qa5 4. Nf3 Nf6 5. Be2 g6 6. O-O Bg7 7. d3 c6 8. h3
O-O 9. Bd2 Qc7 10. Rb1 Nbd7 11. Ne4 b6 12. Bc3 Bb7 13. Nxf6+ Nxf6 14. Be5 Qd7
15. Re1 e6 16. Bf1 c5 17. g4 Qd5 18. Bg2 Qxa2 19. b3 Qa5 20. Qd2 Qxd2 21. Nxd2
Bxg2 22. Kxg2 Rfd8 23. g5 Nd5 24. Bxg7 Kxg7 25. Ne4 h6 26. h4 Rh8 27. Kg3 Ne7
28. Rh1 Nf5+ 29. Kf4 Rhe8 30. c3 e5+ 31. Kf3 Red8 32. Ke2 Rac8 33. Rbd1 Rc7 34.
Rd2 Rcd7 35. Nf6 Rd6 36. Ne4 Rc6 37. Rdd1 b5 38. Kd2 c4 39. Kc2 cxd3+ 40. Rxd3
Rxd3 41. Kxd3 h5 42. Rh3 Ne7 43. Rh1 Nd5 44. Kd2 Ra6 45. Rc1 Ra2+ 46. Rc2 Ra1
47. Rc1 Rxc1 48. Kxc1 Nf4 49. c4 bxc4 50. bxc4 Kf8 51. Kd2 Ke7 52. c5 Kd7 53.
Nd6 Ke6 54. Kc3 f5 55. gxf6 Kxf6 56. Ne4+ Ke6 57. Kc4 Ng2 58. c6 Ke7 59. Kc5
Nxh4 60. Nf6 Kd8 61. Nd5 Nf5 62. Nf6 h4 63. Ng4 h3 64. Kd5 a5 0-1

[Event "Guernsey Holiday"]
[Site "GCI"]
[Date "2005.10.17"]
[Round "2"]
[White "O'Connor, Jonathan"]
[Black "Le Maitre, Richard"]
[Result "1/2-1/2"]
[WhiteElo "1605"]
[BlackElo "1420"]
[PlyCount "59"]
[EventDate "2005.10.16"]

1. e4 c5 2. d4 cxd4 3. c3 Nf6 4. e5 Nd5 5. Bc4 Nb6 6. Bb3 e6 7. Nf3 d5 8. exd6
Bxd6 9. Qxd4 O-O 10. O-O Nc6 11. Qe4 Qc7 12. Na3 Ne5 13. Nxe5 Bxe5 14. f4 Bf6
15. Be3 Bd7 16. Nc4 Nxc4 17. Qxc4 Rfc8 18. Qxc7 Rxc7 19. Rad1 Bc6 20. Rf2 Rd7
21. Rxd7 Bxd7 22. Rd2 Bc6 23. Kf2 a6 24. Bb6 g5 25. fxg5 Bxg5 26. Rd3 Bf4 27.
h4 Be5 28. c4 Kh8 29. Bd4 Bxd4+ 30. Rxd4 1/2-1/2

[Event "Guernsey Holiday"]
[Site "GCI"]
[Date "2005.10.17"]
[Round "2"]
[White "Van Rooijen, Gerardus C"]
[Black "Brown, Jim"]
[Result "1-0"]
[WhiteElo "1560"]
[BlackElo "1192"]
[PlyCount "86"]
[EventDate "2005.10.16"]

1. d4 d6 2. c4 c6 3. Nc3 Nd7 4. e4 e5 5. Nf3 Be7 6. Be3 Ngf6 7. Qc2 a6 8. Rd1
Qc7 9. Bd3 O-O 10. h3 h6 11. O-O Re8 12. a3 b6 13. b4 Nh7 14. Kh1 Kh8 15. Ne2
Ndf8 16. Rg1 Ng6 17. Ng3 Rg8 18. Qb2 Bf6 19. Nh5 Qe7 20. Nxf6 Qxf6 21. dxe5
dxe5 22. Nh2 Qe7 23. Bxb6 f6 24. Bc5 Qe6 25. Be2 Qe8 26. Bh5 Ng5 27. f3 Ne6 28.
Be3 Nef8 29. Rd6 Kh7 30. Rgd1 Bd7 31. Bg4 Rc8 32. Bxd7 Nxd7 33. Rxd7 Qe6 34. c5
Rge8 35. Qd2 Qg8 36. Bxh6 Ne7 37. Be3 Kg6 38. g4 Qh8 39. Qg2 Qh4 40. Rg1 Qh7
41. f4 Qh4 42. Qg3 Qh7 43. f5+ Kf7 1-0

[Event "Guernsey Holiday"]
[Site "GCI"]
[Date "2005.10.17"]
[Round "2"]
[White "Stoop, Michael"]
[Black "Harnden, Terry"]
[Result "0-1"]
[WhiteElo "1208"]
[BlackElo "1505"]
[PlyCount "116"]
[EventDate "2005.10.16"]

1. d4 Nf6 2. Nf3 e6 3. e3 a6 4. Bd3 Nc6 5. a3 g6 6. Nc3 Bg7 7. e4 d6 8. Be3 O-O
9. Qd2 Ng4 10. Bg5 Qe8 11. h3 Nf6 12. Bh6 e5 13. Bxg7 Kxg7 14. d5 Ne7 15. g4
Bd7 16. O-O-O Qc8 17. Nh4 c5 18. f4 c4 19. fxe5 dxe5 20. Be2 b5 21. Nf3 Rb8 22.
Nxe5 b4 23. Nxd7 bxc3 24. Qxc3 Qxd7 25. d6 Neg8 26. g5 Qe6 27. gxf6+ Qxf6 28.
Qxf6+ Nxf6 29. Rd4 Rfd8 30. e5 Nd7 31. Bxc4 Nxe5 32. Bxa6 Rb6 33. Rd5 f6 34.
Bb5 Rbxd6 35. Rxd6 Rxd6 36. a4 Rd5 37. Rd1 Rc5 38. c4 Nxc4 39. b4 Rc8 40. Kb1
Na3+ 41. Ka2 Nxb5 42. axb5 Rb8 43. Rd5 f5 44. Kb3 f4 45. Kc4 f3 46. Rd2 h5 47.
h4 Kh6 48. Rf2 Rf8 49. b6 g5 50. hxg5+ Kxg5 51. Kd4 Kg4 52. b7 Kg3 53. Rc2 Rb8
54. Rc7 f2 55. Rg7+ Kh2 56. Rf7 Kg2 57. Rg7+ Kf1 58. Ke3 Ke1 0-1

[Event "Guernsey Holiday"]
[Site "GCI"]
[Date "2005.10.17"]
[Round "2"]
[White "Nalichowski, Bogdan"]
[Black "Cox, Reginald E"]
[Result "1-0"]
[WhiteElo "1480"]
[BlackElo "1120"]
[PlyCount "71"]
[EventDate "2005.10.16"]

1. e4 d6 2. Bc4 Nf6 3. d3 h6 4. c3 d5 5. exd5 Nxd5 6. Qb3 e6 7. f4 Nc6 8. Nf3
Rb8 9. O-O Be7 10. d4 O-O 11. Bd3 Na5 12. Qc2 Bd6 13. Ne5 Bxe5 14. fxe5 Qe7 15.
Qf2 f6 16. Qg3 g5 17. h4 Kh8 18. hxg5 hxg5 19. Qh3+ Kg8 20. Bg6 Qg7 21. Bh5 Bd7
22. b3 Be8 23. Qxe6+ Bf7 24. Qd7 Rbd8 25. Bxf7+ Qxf7 26. Qg4 Qg6 27. Qe6+ Qf7
28. Qf5 Qd7 29. e6 Qd6 30. Ba3 Ne7 31. Bxd6 Nxf5 32. Bxf8 Ng3 33. e7 Re8 34.
Rxf6 Nh5 35. Rf5 Nc6 36. Rxg5+ 1-0

[Event "Guernsey Holiday"]
[Site "GCI"]
[Date "2005.10.18"]
[Round "3"]
[White "Foster, Paul"]
[Black "Carlucci, Paul A"]
[Result "0-1"]
[WhiteElo "1608"]
[BlackElo "1744"]
[PlyCount "101"]
[EventDate "2005.10.16"]

1. e4 d5 2. exd5 Qxd5 3. Nc3 Qa5 4. d4 Nf6 5. Bd2 Qb6 6. d5 c6 7. Na4 Qc7 8.
dxc6 Nxc6 9. Nf3 Bf5 10. Bd3 Bg6 11. Qe2 e6 12. O-O Be7 13. Rad1 Bh5 14. Qe3
Nd5 15. Qe4 Bg6 16. Qc4 Bxd3 17. cxd3 O-O 18. Nc3 Rad8 19. Nb5 Qb8 20. g3 a6
21. Nbd4 Nxd4 22. Nxd4 Rc8 23. Qb3 h5 24. Rde1 Rfd8 25. Nf3 Bf6 26. Bg5 Rc6 27.
Bxf6 Nxf6 28. Ne5 Rcd6 29. Re2 Rd5 30. f4 Ng4 31. Rf3 b5 32. Nxg4 hxg4 33. Rfe3
g6 34. Rd2 Qb6 35. d4 Rxd4 36. Rxd4 Rxd4 37. Kf1 Qc6 38. Rd3 Qh1+ 39. Ke2 Qxh2+
40. Kd1 Qg1+ 41. Kd2 Qf2+ 42. Kd1 Rxd3+ 43. Qxd3 Qxb2 44. Qd8+ Kg7 45. Qg5 Qb1+
46. Kd2 Qxa2+ 47. Ke3 Qb3+ 48. Kd2 Qd5+ 49. Qxd5 exd5 50. Kd3 Kf6 51. Kd4 0-1

[Event "Guernsey Holiday"]
[Site "GCI"]
[Date "2005.10.18"]
[Round "3"]
[White "Brooker, Chris H"]
[Black "Kearsley, Raymond J"]
[Result "1-0"]
[WhiteElo "1700"]
[BlackElo "1608"]
[PlyCount "81"]
[EventDate "2005.10.16"]

1. f4 g6 2. e3 Bg7 3. Nf3 d6 4. Be2 c5 5. O-O Nc6 6. d3 Bd7 7. Nbd2 Nf6 8. e4
O-O 9. Qe1 b5 10. Qh4 Nd4 11. Nxd4 cxd4 12. Nb3 Qb6 13. f5 a5 14. Bg5 a4 15.
Nd2 Rac8 16. Rac1 Rc7 17. Bh6 Rfc8 18. Bd1 b4 19. Bxg7 Kxg7 20. fxg6 hxg6 21.
Qf4 Be6 22. e5 Nd5 23. Qg3 Ne3 24. Rf2 Nxd1 25. Rxd1 Rxc2 26. Nc4 R8xc4 27.
dxc4 d3 28. exd6 exd6 29. h3 Bxc4 30. Qf4 Rxf2 31. Qxf2 Qb5 32. Qd4+ Kg8 33.
Qxd6 b3 34. a3 Qg5 35. Qd4 Qh5 36. Re1 Qb5 37. Re5 Qb8 38. Rc5 Ba6 39. Rd5 Qg3
40. Rd8+ Kh7 41. Qh8# 1-0

[Event "Guernsey Holiday"]
[Site "GCI"]
[Date "2005.10.18"]
[Round "3"]
[White "Muller, Anton"]
[Black "Biswas, Karl"]
[Result "1/2-1/2"]
[WhiteElo "1560"]
[BlackElo "1680"]
[PlyCount "55"]
[EventDate "2005.10.16"]

1. e4 c5 2. Nc3 Nc6 3. Nf3 e6 4. d4 cxd4 5. Nxd4 d6 6. Be3 Nge7 7. Qd2 Nxd4 8.
Bxd4 Nc6 9. Be3 Be7 10. O-O-O a6 11. g4 b5 12. f3 Bd7 13. f4 Qc7 14. Kb1 O-O-O
15. a4 Na5 16. axb5 Nc4 17. Bxc4 Qxc4 18. bxa6 Qxa6 19. Na2 d5 20. exd5 exd5
21. f5 Bc6 22. Rhe1 Kd7 23. Nb4 Bxb4 24. Qxb4 Ra8 25. Kc1 Rhb8 26. Qc3 Qa1+ 27.
Kd2 Qxb2 28. Qxb2 1/2-1/2

[Event "Guernsey Holiday"]
[Site "GCI"]
[Date "2005.10.18"]
[Round "3"]
[White "Kok, Franciscus"]
[Black "Hale, Ronald"]
[Result "1/2-1/2"]
[WhiteElo "1676"]
[BlackElo "1424"]
[PlyCount "80"]
[EventDate "2005.10.16"]

1. d4 Nf6 2. c4 e6 3. a3 Be7 4. Nc3 b6 5. Nf3 Bb7 6. e3 d6 7. Be2 Nbd7 8. d5 e5
9. e4 h6 10. h3 Nh7 11. Nh2 Ng5 12. O-O O-O 13. Bd3 Nc5 14. Bc2 Bc8 15. b4 Nb7
16. Ne2 f5 17. exf5 Bxf5 18. Bxf5 Rxf5 19. Ng3 Rf7 20. f4 exf4 21. Bxf4 Qd7 22.
Bxg5 Bxg5 23. Rxf7 Qxf7 24. Qd3 Rf8 25. Rf1 Qe8 26. Rxf8+ Kxf8 27. Qf5+ Kg8 28.
Ne4 Be3+ 29. Kf1 Qf7 30. Qxf7+ Kxf7 31. Ke2 Bc1 32. a4 Ba3 33. b5 Kg6 34. Nf3
Nc5 35. Nxc5 Bxc5 36. g4 h5 37. Kd3 hxg4 38. hxg4 Kf6 39. Ke4 g5 40. Nd2 Bb4
1/2-1/2

[Event "Guernsey Holiday"]
[Site "GCI"]
[Date "2005.10.18"]
[Round "3"]
[White "Haisma, Henk"]
[Black "Collier, Michael J"]
[Result "1-0"]
[WhiteElo "1654"]
[BlackElo "1520"]
[PlyCount "66"]
[EventDate "2005.10.16"]

1. b4 d5 2. Bb2 e6 3. e3 Nf6 4. a3 Be7 5. Nf3 Nbd7 6. d3 c5 7. bxc5 Nxc5 8.
Nbd2 O-O 9. Be2 b6 10. c4 Bb7 11. cxd5 Bxd5 12. O-O Rc8 13. e4 Bb7 14. Nc4 Ba6
15. Nfe5 Ncd7 16. Qa4 Nc5 17. Qd1 Nfd7 18. Nxd7 Nxd7 19. Rc1 Bxc4 20. Rxc4 Rxc4
21. dxc4 Nc5 22. Qc2 Qc8 23. f3 Rd8 24. Kh1 Nb7 25. Qc3 Bf6 26. e5 Be7 27. h3
Bc5 28. Qc2 Be3 29. Bd3 h6 30. Qe2 Bf4 31. Qe4 Nc5 32. Qh7+ Kf8 33. Bc2 g6 1-0

[Event "Guernsey Holiday"]
[Site "GCI"]
[Date "2005.10.18"]
[Round "3"]
[White "Van Beek, Ronald"]
[Black "Bakkes, Frits"]
[Result "1/2-1/2"]
[WhiteElo "1375"]
[BlackElo "1639"]
[PlyCount "54"]
[EventDate "2005.10.16"]

1. d4 e5 2. e4 exd4 3. Nf3 Nc6 4. a3 Nf6 5. Bd3 d5 6. exd5 Qxd5 7. Bf4 Bd6 8.
Bxd6 cxd6 9. Nbd2 Ne5 10. Qe2 O-O 11. O-O Bg4 12. Be4 Nxf3+ 13. Bxf3 Bxf3 14.
Nxf3 Rfe8 15. Qd3 Rac8 16. Rfd1 Qc5 17. Nxd4 Qb6 18. b4 {(=)} Ne4 19. Kf1 Rc3
20. Qb5 Qxb5+ 21. Nxb5 Rxc2 22. f3 Nd2+ 23. Kg1 Re2 24. Nd4 Nxf3+ {(=)} 25.
gxf3 Rg2+ 26. Kf1 Rcf2+ 27. Ke1 Rxh2 1/2-1/2

[Event "Guernsey Holiday"]
[Site "GCI"]
[Date "2005.10.18"]
[Round "3"]
[White "Hearty, Ray"]
[Black "Cross, Ian K"]
[Result "1/2-1/2"]
[WhiteElo "1479"]
[BlackElo "1544"]
[PlyCount "45"]
[EventDate "2005.10.16"]

1. d4 d5 2. e3 Nf6 3. f4 Nc6 4. c3 Bf5 5. Nf3 e6 6. Bd3 Bxd3 7. Qxd3 Ne4 8.
Nbd2 f5 9. Qe2 Be7 10. Nxe4 fxe4 11. Ne5 Nxe5 12. dxe5 O-O 13. O-O Qe8 14. g4
Qg6 15. Qg2 Rad8 16. Bd2 c5 17. Rad1 d4 18. exd4 cxd4 19. cxd4 Rxd4 20. Be3
Rxd1 21. Rxd1 Rd8 22. Rxd8+ Bxd8 23. h3 1/2-1/2

[Event "Guernsey Holiday"]
[Site "GCI"]
[Date "2005.10.18"]
[Round "3"]
[White "Smith, Paul"]
[Black "Nalichowski, Bogdan"]
[Result "1-0"]
[WhiteElo "1616"]
[BlackElo "1480"]
[PlyCount "89"]
[EventDate "2005.10.16"]

1. d4 d5 2. c4 Nf6 3. Nc3 dxc4 4. e3 Bf5 5. Bxc4 e6 6. Nge2 Bb4 7. O-O c6 8.
Ng3 Bg6 9. Bd2 Qc7 10. Be2 Bd6 11. Rc1 O-O 12. Nb5 Qe7 13. Nxd6 Qxd6 14. Qb3
Qd7 15. Bf3 Rd8 16. Ba5 Rc8 17. Rfd1 Na6 18. Be2 Rab8 19. Qa3 Nc7 20. Bxc7 Rxc7
21. Qxa7 b5 22. Qxb8+ Ne8 23. Bxb5 f5 24. Bc4 Kf7 25. Bb3 Nd6 26. Qb6 Qe7 27.
Rxc6 Rd7 28. Rdc1 h5 29. Rc7 Kg8 30. Rxd7 Qxd7 31. Rc7 Qd8 32. Rxg7+ Kxg7 33.
Qxd8 Nf7 34. Qe7 h4 35. Qxh4 Nd6 36. Qe7+ Nf7 37. Bxe6 Kh7 38. Bxf5 Kg7 39.
Bxg6 Kxg6 40. Qe6+ Kg7 41. Nf5+ Kg8 42. Nh6+ Kh7 43. Nxf7 Kg7 44. Ng5 Kh8 45.
Qd7 1-0

[Event "Guernsey Holiday"]
[Site "GCI"]
[Date "2005.10.18"]
[Round "3"]
[White "Harnden, Terry"]
[Black "Van Rooijen, Gerardus C"]
[Result "0-1"]
[WhiteElo "1505"]
[BlackElo "1560"]
[PlyCount "85"]
[EventDate "2005.10.16"]

1. e4 c5 2. Nf3 d6 3. d4 cxd4 4. Nxd4 Nc6 5. Nc3 e6 6. Be3 Nf6 7. f3 Be7 8. Qd2
O-O 9. O-O-O a6 10. h4 Qc7 11. g4 b5 12. Nb3 Ne5 13. Be2 Bb7 14. h5 Nc4 15.
Bxc4 bxc4 16. Nd4 d5 17. Nb1 dxe4 18. g5 Nd5 19. Rdf1 Nxe3 20. Qxe3 Bc5 21.
fxe4 e5 22. Qg3 Bxd4 23. c3 Bc5 24. Nd2 Rad8 25. Rh2 Rd3 26. Rf3 Rfd8 27. Re2
Rxf3 28. Qxf3 Rd3 29. Qf1 Be3 30. Kc2 Rxd2+ 31. Rxd2 Bxd2 32. Kxd2 Bxe4 33. Kc1
Bd3 34. Qf2 Qb7 35. Qh2 Qe4 36. Kd1 Qf4 37. Qg2 Qf1+ 38. Qxf1 Bxf1 39. Kd2 Bd3
40. Ke3 f6 41. gxf6 gxf6 42. b3 f5 43. b4 0-1

[Event "Guernsey Holiday"]
[Site "GCI"]
[Date "2005.10.18"]
[Round "3"]
[White "Dokter, Marike"]
[Black "Palmer, Eric"]
[Result "1/2-1/2"]
[WhiteElo "1416"]
[BlackElo "1555"]
[PlyCount "40"]
[EventDate "2005.10.16"]

1. e4 Nf6 2. e5 Nd5 3. d4 d6 4. Nf3 Nc6 5. exd6 exd6 6. Bc4 Nb6 7. Bb3 Be7 8.
O-O O-O 9. c3 Bf5 10. Nbd2 Bf6 11. Re1 Re8 12. Nf1 Rxe1 13. Qxe1 Qd7 14. Bg5
Bxg5 15. Nxg5 Bg6 16. Qd2 h6 17. Nf3 Re8 18. Re1 Rxe1 19. Qxe1 Qd8 20. Ng3 d5
1/2-1/2

[Event "Guernsey Holiday"]
[Site "GCI"]
[Date "2005.10.18"]
[Round "3"]
[White "Ince, Darren"]
[Black "Holcombe, Charles"]
[Result "1-0"]
[WhiteElo "1552"]
[BlackElo "1368"]
[PlyCount "78"]
[EventDate "2005.10.16"]

1. d4 Nf6 2. Nf3 c5 3. c3 d5 4. e3 Nc6 5. Nbd2 h6 6. Bd3 c4 7. Bc2 Bg4 8. h3
Bd7 9. Qe2 Qc7 10. e4 Be6 11. exd5 Bxd5 12. Nxc4 e6 13. Nce5 Bd6 14. Ba4 a6 15.
Nxc6 bxc6 16. O-O O-O 17. Bc2 Rfe8 18. c4 Bxf3 19. Qxf3 e5 20. c5 e4 21. cxd6
Qxd6 22. Qd1 Rad8 23. Be3 Qb4 24. a3 Qb6 25. b4 Nd5 26. Bb3 Rd6 27. Qc2 Ree6
28. Rac1 g5 29. Qc5 Qd8 30. Qa5 Qf6 31. Bxd5 cxd5 32. Rc8+ Kg7 33. Rc5 Qf5 34.
Qa4 g4 35. h4 Rf6 36. Qd1 Rg6 37. g3 Rgf6 38. Qe2 Qd7 39. Rfc1 Rc6 {Remaining
moves partly missing - 1-0, 66.} 1-0

[Event "Guernsey Holiday"]
[Site "GCI"]
[Date "2005.10.18"]
[Round "3"]
[White "Le Maitre, Richard"]
[Black "Forbes, Garry"]
[Result "0-1"]
[WhiteElo "1420"]
[BlackElo "1660"]
[PlyCount "120"]
[EventDate "2005.10.16"]

1. d4 g6 2. c4 Bg7 3. Nf3 Nf6 4. Nc3 O-O 5. Bg5 d6 6. Qd2 c6 7. e4 Qc7 8. Bd3
a6 9. Bh6 b5 10. Bxg7 Kxg7 11. O-O Bg4 12. Qf4 Bxf3 13. Qxf3 b4 14. Ne2 Nbd7
15. b3 e5 16. d5 c5 17. Ng3 a5 18. h4 h5 19. Rfe1 Ra6 20. Be2 Rfa8 21. Qe3 Qd8
22. Qg5 Kf8 23. Qh6+ Ke7 24. Qg5 Qh8 25. Rf1 a4 26. Bd1 axb3 27. Bxb3 Ra3 28.
f4 exf4 29. Qxf4 Ne5 30. Qc1 Nfg4 31. Qg5+ Kd7 32. Ne2 Qh6 33. Qxh6 Nxh6 34.
Nf4 Nhg4 35. Rfe1 Kc7 36. Nh3 Kd7 37. Ng5 Ke7 38. Nf3 Nd7 39. Ng5 f6 40. Nf3
Nb6 41. Nh2 Ne5 42. Rec1 Nd3 43. Rf1 Nb2 44. Rfc1 N6a4 45. Re1 Nc3 46. Nf3 Nxa2
47. Rxa2 Rxa2 48. Bxa2 Rxa2 49. Rc1 Na4 50. Rb1 Nc3 51. Rb3 Nxe4 52. Re3 f5 53.
Ng5 Ra3 54. Re2 Rc3 55. Nxe4 fxe4 56. Rxe4+ Kd7 57. Re6 Rxc4 58. Rxg6 b3 59.
Rg7+ Ke8 60. Rb7 Rb4 0-1

[Event "Guernsey Holiday"]
[Site "GCI"]
[Date "2005.10.18"]
[Round "3"]
[White "Rietveld, Andre"]
[Black "O'Connor, Jonathan"]
[Result "1-0"]
[WhiteElo "1538"]
[BlackElo "1605"]
[PlyCount "73"]
[EventDate "2005.10.16"]

1. e4 c5 2. f4 a6 3. Nf3 Nc6 4. c3 e6 5. Be2 Nge7 6. O-O d5 7. Bd3 Ng6 8. Ne1
c4 9. Bc2 Bc5+ 10. Kh1 O-O 11. Qf3 b5 12. d4 cxd3 13. Bxd3 Qb6 14. b4 Be7 15.
exd5 exd5 16. Qxd5 Rd8 17. Qf3 Nh4 18. Qe2 Bf5 19. Bxf5 Nxf5 20. Nf3 Re8 21.
Qd3 g6 22. Ne5 Rad8 23. Qe4 Nxe5 24. fxe5 Qf2 25. Qe1 Qxe1 26. Rxe1 Rd3 27. Bf4
Red8 28. g3 Rd1 29. Na3 Rxa1 30. Rxa1 a5 31. Nxb5 axb4 32. cxb4 Bxb4 33. a3 Bd2
34. Rd1 Rb8 35. Bxd2 Rxb5 36. Bb4 Ne3 37. Rd8+ 1-0

[Event "Guernsey Holiday"]
[Site "GCI"]
[Date "2005.10.18"]
[Round "3"]
[White "Boogaard, Leen"]
[Black "Woodward, Pauline"]
[Result "1/2-1/2"]
[WhiteElo "1570"]
[BlackElo "1296"]
[PlyCount "114"]
[EventDate "2005.10.16"]

1. e4 d6 2. d4 Nf6 3. Nc3 g6 4. Nf3 Bg7 5. Bc4 O-O 6. O-O c6 7. Re1 b5 8. Bd3
Bb7 9. a3 Nbd7 10. Bf4 a5 11. Qd2 b4 12. axb4 axb4 13. Na4 c5 14. dxc5 dxc5 15.
Bh6 Ng4 16. Bxg7 Kxg7 17. b3 Nge5 18. Nxe5 Nxe5 19. f3 Qc7 20. Qe3 Ra5 21. Nb2
Rc8 22. Nc4 Nxc4 23. Bxc4 Rca8 24. Rad1 Qe5 25. Bd5 Bxd5 26. exd5 Qxe3+ 27.
Rxe3 Ra1 28. Ree1 Rxd1 29. Rxd1 Rd8 30. Kf2 Rd6 31. Rd3 Kf6 32. f4 e6 33. dxe6
Kxe6 34. Re3+ Kf6 35. Ke2 Re6 36. g4 h6 37. Kd3 Rxe3+ 38. Kxe3 g5 39. Ke4 Ke6
40. f5+ Kd6 41. f6 Ke6 42. h3 Kd6 43. Kd3 Kd5 44. c3 Ke5 45. cxb4 cxb4 46. Kc4
Kxf6 47. Kxb4 Kg6 48. Kc4 h5 49. b4 hxg4 50. hxg4 f5 51. gxf5+ Kxf5 52. b5 g4
53. b6 g3 54. b7 g2 55. b8=Q g1=Q 56. Qf8+ Ke4 57. Qa8+ Kf5 1/2-1/2

[Event "Guernsey Holiday"]
[Site "GCI"]
[Date "2005.10.18"]
[Round "3"]
[White "Collins, Alan"]
[Black "Stoop, Michael"]
[Result "1-0"]
[WhiteElo "1528"]
[BlackElo "1208"]
[PlyCount "65"]
[EventDate "2005.10.16"]

1. d4 Nf6 2. c4 c5 3. d5 b5 4. cxb5 a6 5. b6 d6 6. Nc3 Nbd7 7. e4 g6 8. a4 a5
9. Nf3 Bg7 10. h3 O-O 11. Bd3 Nxb6 12. O-O e6 13. dxe6 Bxe6 14. Bb5 Bd7 15.
Qxd6 Bxb5 16. Qxd8 Rfxd8 17. axb5 Rd7 18. Be3 Rc7 19. Rfd1 Nc4 20. Bf4 Re7 21.
e5 Nh5 22. Bg5 Re6 23. Rd8+ Rxd8 24. Bxd8 Nxe5 25. Ng5 Re8 26. Bc7 Nc4 27. Ra2
Nxb2 28. b6 Bxc3 29. b7 Be5 30. Bxe5 Nc4 31. b8=Q Rxb8 32. Bxb8 f6 33. Ne4 1-0

[Event "Guernsey Holiday"]
[Site "GCI"]
[Date "2005.10.18"]
[Round "3"]
[White "Brown, Jim"]
[Black "Herschmann, Heinz"]
[Result "1/2-1/2"]
[WhiteElo "1192"]
[BlackElo "1328"]
[PlyCount "54"]
[EventDate "2005.10.16"]

1. Nf3 d5 2. d4 Nf6 3. e3 e6 4. Bd3 Be7 5. Nbd2 Bd7 6. b3 Nc6 7. a3 a6 8. Bb2
O-O 9. O-O Ne8 10. h3 Nd6 11. Re1 g6 12. c4 Na7 13. c5 Nf5 14. Rc1 Bf6 15. a4
Nc6 16. Bxf5 exf5 17. Bc3 Re8 18. Nf1 Bg5 19. Nxg5 Qxg5 20. Qf3 Ne7 21. Qg3
Qxg3 22. Nxg3 Nc6 23. f4 Rad8 24. a5 Na7 25. Bd2 Re7 26. Nf1 Rde8 27. Kf2 Kg7
1/2-1/2

[Event "Guernsey Holiday"]
[Site "GCI"]
[Date "2005.10.19"]
[Round "4"]
[White "Carlucci, Paul A"]
[Black "Brooker, Chris H"]
[Result "1-0"]
[WhiteElo "1744"]
[BlackElo "1700"]
[PlyCount "79"]
[EventDate "2005.10.16"]

1. d4 Nf6 2. Nf3 e6 3. e3 b6 4. Be2 Bb7 5. O-O Be7 6. b3 O-O 7. Bb2 Ne4 8. Nbd2
f5 9. a3 Qe8 10. c4 Nxd2 11. Qxd2 d6 12. Rac1 Nd7 13. b4 Nf6 14. d5 e5 15. Qd1
h6 16. Qc2 Bc8 17. Rfd1 Nd7 18. c5 bxc5 19. Bb5 cxb4 20. Qxc7 Qd8 21. Qc4 bxa3
22. Bxa3 Nb6 23. Qa2 Bb7 24. Bc6 Qb8 25. Nxe5 Kh7 26. Nd3 Bxc6 27. dxc6 Qc7 28.
Nf4 Rf6 29. Bb2 Rc8 30. Bxf6 Bxf6 31. Nd5 Nxd5 32. Rxd5 g6 33. Ra5 Ra8 34. Rb5
Rc8 35. Qa6 Kg8 36. Rb7 Qd8 37. Qxa7 d5 38. Qc5 d4 39. Qc4+ Kh8 40. Qf7 1-0